| 000 | 00798nam a22002417a 4500 | ||
|---|---|---|---|
| 999 |
_c17498 _d17498 |
||
| 003 | AR-CdUCM | ||
| 008 | 190508b ||||| |||| 00| 0 spa d | ||
| 020 | _a968-409-150-8 | ||
| 040 |
_aMUNICIPALIDAD PROVINCIAL DEL CUSCO _cBIBLIOTECA MUNICIPAL DEL CUSCO |
||
| 041 | _heng | ||
| 082 |
_a660.1 / _bM45 |
||
| 100 |
_aMetzger, Norman _937537 |
||
| 245 |
_aEnergia : _bCrisis continua / |
||
| 260 |
_aMexico : _bEdamex, _c1982. |
||
| 300 |
_a343 paginas ; _c19.5 cm |
||
| 500 | _aTitulo en español copiado del libro original en ingles | ||
| 505 | _aContenido: Escamotear o engañar -- Persecución en circulo -- El carbon mineral -- Petroleo crudo... | ||
| 650 |
_aEnergia _915841 |
||
| 650 |
_aCarbon _922764 |
||
| 650 |
_aMineral _937538 |
||
| 942 |
_2ddc _cLIBROS |
||
| 945 |
_apjha _d2019-05-08 |
||